000 01584cam a22004574i 4500
003 PE-LiUPU
005 20250731173512.0
008 150616s1949 xxu r 000 0 eng d
035 _a(Sirsi) a7691
040 _aPE-LiUPU
_bspa
_cPE-LiUPU
_erda
049 _aPRUA
082 0 4 _a220.04
_bV71
_221
100 1 _aVincent, Jules,
_eautor.
245 1 3 _aLa Bible Chez Nous /
_cJules Vincent.
264 1 _aLausanne, Francia :
_bA L'ENSEIGNE DU CLOCHER,
_c1949.
300 _a162 páginas ;
_c19 centímetros
336 _atext
_2rdacontent
337 _aunmediated
_2rdamedia
338 _avolume
_2rdacarrier
505 0 _aLes helvetes passent sous le houg -- Dans le silence du couvent de Saint-Gall -- Uh grand feu s'allume -- Pour la paoure petitie eglise -- Notre vieil ostervald.- Quand la guerre a passé.
526 _aSEG42
526 _aSEG41
526 _aSEG40
526 _aSEG39
526 _aP94
526 _aP87
526 _aP86
526 _aP85
526 _aP77
526 _aP76
526 _aP35
630 _aBiblia
_xEstudio y enseñanza.
650 0 4 _a
910 _ajck
_bjvq
_cjck
942 _2ddc
_cBOOK
949 _a220.04 V71
_wDEWEY
_c1
_i41302
_lCCODEBUL1
_mBUL
_p33.00
_r0
_sY
_tBOOK
_u19960530
_xTEOLOGIA
_zUNKNOWN
_0COMPRA
_o.STAFF. Colección Teología
994 _aC0
_bPEPRU
596 _a1
999 _a220.04 V71
_wDEWEY
_c58962
_i41302
_f2021-11-9
_g5
_lCCODEBUL1
_mBUL
_p33.00
_r0
_sY
_tBOOK
_u2015-6-16
_xTEOLOGIA
_PP35
_0COMPRA
_o.STAFF. Colección Teología
_d58962
980 _81
_gALBERTO SANCHEZ Responsable de Automatización